[Event "Eger Agria op"]
[Site "Eger"]
[Date "2009.07.23"]
[Round "3"]
[White "Toth, Janos1111"]
[Black "Voros, Csaba"]
[Result "0-1"]
[WhiteElo "1784"]
[BlackElo "1525"]
[PlyCount "62"]
[EventDate "2009.07.22"]
[EventType "swiss"]
[EventRounds "7"]
[EventCountry "HUN"]
[SourceTitle "EXT 2011"]
[Source "ChessBase"]
[SourceDate "2010.11.26"]
[SourceVersion "1"]
[SourceVersionDate "2010.11.26"]
[SourceQuality "1"]

1. c4 c6 2. Nc3 d5 3. cxd5 cxd5 4. d4 Nf6 5. e3 Nc6 6. Nf3 Bf5 7. a3 e6 8. Be2 h6 9. 0-0 Be7 10. h3 Rc8 11. Bd2 0-0 12. b4 a6 13. Qb3 Ne4 14. Rfd1 Nd6 15. Be1 b5 16. Rac1 Nc4 17. Bxc4 bxc4 18. Qb2 Rb8 19. Na4 Na5 20. Nc5 Bxc5 21. dxc5 Qc7 22. Bc3 f6 23. Nd4 Qf7 24. Qa1 Nb3 25. Nxb3 cxb3 26. Qb2 Qg6 27. Kh2 Bc2 28. Rg1 Qd3 29. Rce1 e5 30. f3 Rfd8 31. Qc1 Qxc3 0-1

[Event "SVK-ch U14"]
[Site "Liptovsky Mikulas"]
[Date "2007.04.26"]
[Round "7"]
[White "Cabuk, Matej"]
[Black "Voros, Csaba"]
[Result "1-0"]
[WhiteElo "1391"]
[BlackElo "1350"]
[PlyCount "55"]
[EventDate "2007.04.22"]
[EventType "swiss"]
[EventRounds "9"]
[EventCountry "SVK"]
[SourceTitle "EXT 2008"]
[Source "ChessBase"]
[SourceDate "2007.11.25"]
[SourceVersion "1"]
[SourceVersionDate "2007.11.25"]
[SourceQuality "1"]

1. d4 d5 2. Nf3 Bf5 3. g3 Qd7 4. Bg2 Bh3 5. 0-0 Bxg2 6. Kxg2 Nc6 7. c3 0-0-0 8. Bf4 f6 9. Re1 g5 10. Bc1 g4 11. Nfd2 e5 12. Nb3 e4 13. N1d2 Bh6 14. e3 Nge7 15. a3 f5 16. c4 Qe8 17. cxd5 Nxd5 18. Nc4 Qh5 19. Bd2 b6 20. Rc1 Qh3+ 21. Kg1 Nde7 22. Qc2 Rd7 23. Bb4 Nd5 24. Ne5 Ndxb4 25. axb4 Nxe5 26. dxe5 Bg7 27. Qc6 Rhd8 28. Qa8# 1-0

[Event "SVK-ch U14"]
[Site "Liptovsky Mikulas"]
[Date "2007.04.23"]
[Round "2"]
[White "Galik, Martin"]
[Black "Voros, Csaba"]
[Result "0-1"]
[WhiteElo "1350"]
[BlackElo "1350"]
[PlyCount "80"]
[EventDate "2007.04.22"]
[EventType "swiss"]
[EventRounds "9"]
[EventCountry "SVK"]
[SourceTitle "EXT 2008"]
[Source "ChessBase"]
[SourceDate "2007.11.25"]
[SourceVersion "1"]
[SourceVersionDate "2007.11.25"]
[SourceQuality "1"]

1. e4 e5 2. Nf3 Nc6 3. Bc4 Bc5 4. d3 d6 5. Nc3 Be6 6. 0-0 Bxc4 7. dxc4 Qe7 8. Nd5 Qd7 9. Be3 0-0-0 10. Bxc5 dxc5 11. Nb6+ axb6 12. Qxd7+ Rxd7 13. Rad1 Nf6 14. Rd3 Nxe4 15. Ra3 Kb8 16. Re1 f5 17. Ree3 Rd1+ 18. Re1 Rxe1+ 19. Nxe1 Rd8 20. Kf1 Nd2+ 21. Kg1 Nxc4 22. Rd3 e4 23. Rxd8+ Nxd8 24. Kf1 Nxb2 25. Ke2 c4 26. Ke3 Nc6 27. Kf4 g6 28. Kg5 Nd1 29. f3 e3 30. g3 Nd4 31. c3 Nxc3 32. Kf4 Nxa2 33. Kxe3 c3 34. Kd3 c5 35. f4 b5 36. Nc2 Nxc2 37. Kxc2 b4 38. Kb3 Kc8 39. Kxa2 c4 40. Kb1 b3 0-1

[Event "SVK-ch U14"]
[Site "Liptovsky Mikulas"]
[Date "2007.04.23"]
[Round "3"]
[White "Voros, Csaba"]
[Black "Kimerling, Martin"]
[Result "1/2-1/2"]
[WhiteElo "1350"]
[BlackElo "1429"]
[PlyCount "87"]
[EventDate "2007.04.22"]
[EventType "swiss"]
[EventRounds "9"]
[EventCountry "SVK"]
[SourceTitle "EXT 2008"]
[Source "ChessBase"]
[SourceDate "2007.11.25"]
[SourceVersion "1"]
[SourceVersionDate "2007.11.25"]
[SourceQuality "1"]

1. e4 c6 2. d4 d5 3. e5 Bf5 4. Bd3 Bxd3 5. Qxd3 Qb6 6. Nc3 e6 7. Be3 Nd7 8. 0-0-0 Bb4 9. Nge2 c5 10. a3 cxd4 11. Bxd4 Bc5 12. Na4 Qc6 13. Nxc5 Nxc5 14. Bxc5 Qxc5 15. f4 Rd8 16. Qd4 Qxd4 17. Nxd4 Nh6 18. h3 Nf5 19. Nxf5 exf5 20. g4 fxg4 21. hxg4 0-0 22. f5 Rfe8 23. Rhe1 f6 24. exf6 Rxe1 25. Rxe1 gxf6 26. Re7 Rb8 27. Rd7 Re8 28. Rxd5 Kf7 29. Rd7+ Re7 30. Rd4 Ke8 31. Rd3 Re4 32. Rg3 Kd7 33. g5 Ke7 34. gxf6+ Kxf6 35. Rh3 Kg7 36. f6+ Kxf6 37. Rxh7 Re7 38. Rxe7 Kxe7 39. c4 Kd6 40. Kd2 a6 41. a4 Kc5 42. Kc3 a5 43. b3 b6 44. Kd3 1/2-1/2

[Event "SVK-ch U14"]
[Site "Liptovsky Mikulas"]
[Date "2007.04.22"]
[Round "1"]
[White "Voros, Csaba"]
[Black "Chabada, Tomas"]
[Result "0-1"]
[WhiteElo "1350"]
[BlackElo "1475"]
[PlyCount "74"]
[EventDate "2007.04.22"]
[EventType "swiss"]
[EventRounds "9"]
[EventCountry "SVK"]
[SourceTitle "EXT 2008"]
[Source "ChessBase"]
[SourceDate "2007.11.25"]
[SourceVersion "1"]
[SourceVersionDate "2007.11.25"]
[SourceQuality "1"]

1. e4 c5 2. c4 Nf6 3. Nf3 e6 4. Nc3 a6 5. a4 d6 6. d3 Be7 7. Be2 Nc6 8. h3 0-0 9. 0-0 Nd7 10. b3 Nde5 11. Nxe5 Nxe5 12. Bf4 Nc6 13. Re1 Bf6 14. Qd2 Nd4 15. Bg4 Nxb3 16. Qc2 Nxa1 17. Rxa1 Bxc3 18. Qxc3 e5 19. Bxc8 Rxc8 20. Bg3 f5 21. f3 f4 22. Bf2 Rc6 23. g3 Qg5 24. g4 h5 25. Rb1 hxg4 26. hxg4 Qe7 27. Kg2 g5 28. Qa5 Rf7 29. Rb2 Rh7 30. Rb1 Rc7 31. Rb2 Qf6 32. Bg1 Qh6 33. Kf1 Qh3+ 34. Rg2 Qxf3+ 35. Bf2 Rh1+ 36. Rg1 Qxd3+ 37. Kg2 Qh3# 0-1